Trivial Presidential Trivia Quiz Stats

 Plays Quiz Updated Nov 1, 2018

Challenge
Share
Tweet
Embed
Score 0/15 Timer 05:00
1 Play Today
Did You Know... President % Correct
He probably never chopped down a cherry treeGeorge Washington
96.4%
He is the only President to appear on The Daily Show while in officeBarack Obama
91.6%
He was Time magazine's ''Man of the Year'' in 1992 and 1998Bill Clinton
88.8%
He is the only president to have predeceased both his mother and fatherJohn F. Kennedy
77.1%
His ''S'' middle initial does not actually stand for anythingHarry S. Truman
67.9%
He helped invent a rotating bookstand in the early 19th centuryThomas Jefferson
60.1%
He was the first President sworn into office by a womanLyndon Johnson
59.4%
His ''S'' middle initial does not actually stand for SimpsonUlysses S. Grant
53.2%
Did You Know... President % Correct
His first job was as a lifeguard where he saved over 75 livesRonald Reagan
51.9%
He is the only President to contract and receive treatment for Lyme diseaseGeorge W. Bush
48%
His first wife and his mother died on the same day in the same houseTheodore Roosevelt
47.9%
At 5 ft 4 in, he was the shortest President of the United StatesJames Madison
45.5%
He was the only President to ever obtain a patentAbraham Lincoln
44%
He smoked a pipe, cigars, cigarettes and chewed tobacco in officeWarren G. Harding
43.8%
He died just three months after leaving office in 1849James K. Polk
40.8%

You're not logged in!

Compare scores with friends on all Sporcle quizzes.
OR
Log In

You Might Also Like...

Show Comments

Extras

Top Quizzes Today


Score Distribution

Your Account Isn't Verified!

In order to create a playlist on Sporcle, you need to verify the email address you used during registration. Go to your Sporcle Settings to finish the process.

Report this User

Report this user for behavior that violates our Community Guidelines.

Details: